000 00317 a2200145 4500
001 155582
040 _cEscola São Tomás de Aquino
100 _aCEREJA, William Roberto
240 1 0 _aPortuguês
_lpor
245 1 0 _aPortuguês
300 _a256
362 0 _a2014
697 _aLíngua portuguesa
942 _cBK
999 _c155582
_d155582